000 01305cam a2200373Mi 4500
001 100543
005 20230410143341.0
008 050615s20042004sp 000 0 spa d
035 _a(OCoLC)ocm60666778
040 _aPL#
_bspa
_cPL#
_dBNM
020 _a8497811488
020 _a9788497811484
029 0 _aPL#
_b8497811488
035 _a(OCoLC)60666778
049 _aGRAL
050 1 4 _aS471a 2004
100 0 _aSeminario de Estudios de la Defensa Nacional de la USC-CESEDEN.
245 1 0 _aAproximación a las cuestiones de seguridad en el continente americano.
250 _a1. ed.
260 _aMadrid :
_bMinisterio de Defensa, Secretaria General Tecnica,
_c2004.
300 _a186 p. ;
_c24 cm.
490 1 _aMonografias del CESEDEN ;
_v73
500 _aJornadas celebradas en la Universidad de Santiago de Compostela (USC) en noviembre de 2002 con la colaboración del Centro Superior de Estudios de la Defensa Nac
653 _aSeguridad internacional.
653 _aActividades subversivas.
653 _aTerrorismo.
650 7 _aSeguridad internacional
_zAmerica.
_2embne
650 7 _aTerrorismo
_zAmerica.
830 0 _aMonografias del CESEDEN ;
_v73.
938 _aPuvill Libros
_bPUVL
_n8497811488
_c$7.54
942 _2lcc
_cbk
946 _aFHM
994 _aC0
_bDRFGD
999 _c100071
_d100071